| 000 | 00433nam a2200145Ia 4500 | ||
|---|---|---|---|
| 008 | 200924s9999 xx 000 0 und d | ||
| 020 | _a978-981-4853-94-1 | ||
| 100 | _aColbert, Bruce | ||
| 245 |
_cBruce Colbert _aEssentials of pharmacology for health professions/ |
||
| 250 | _a8th ed. | ||
| 260 |
_aSingapore: _bCENGAGE _c2019 |
||
| 300 |
_axxiii, 629 pages _c25 cm. |
||
| 650 | _aAllied health personnel | ||
| 650 | _aPharmacology | ||
| 999 |
_c364452 _d364452 |
||